Multirate signal processing for communication systems / (Record no. 175771)
[ view plain ]
| 000 -LEADER | |
|---|---|
| fixed length control field | 01064 a2200193 4500 |
| 003 - CONTROL NUMBER IDENTIFIER | |
| control field | Nust |
| 005 - DATE AND TIME OF LATEST TRANSACTION | |
| control field | 20220818081701.0 |
| 010 ## - LIBRARY OF CONGRESS CONTROL NUMBER | |
| LC control number | 2004044419 |
| 020 ## - INTERNATIONAL STANDARD BOOK NUMBER | |
| International Standard Book Number | 0131465112 (alk. paper) |
| 040 ## - CATALOGING SOURCE | |
| Transcribing agency | Nust |
| 082 00 - DEWEY DECIMAL CLASSIFICATION NUMBER | |
| Classification number | 621.3822,HAR |
| 100 1# - MAIN ENTRY--PERSONAL NAME | |
| Personal name | Harris, Fred |
| 9 (RLIN) | 97889 |
| 245 10 - TITLE STATEMENT | |
| Title | Multirate signal processing for communication systems / |
| Statement of responsibility, etc. | Fredric J. Harris. |
| 260 ## - PUBLICATION, DISTRIBUTION, ETC. | |
| Place of publication, distribution, etc. | Upper Saddle River, N.J. : |
| Name of publisher, distributor, etc. | Prentice Hall PTR, |
| Date of publication, distribution, etc. | c2004. |
| 300 ## - PHYSICAL DESCRIPTION | |
| Extent | xiii, 478 p. : |
| Other physical details | ill. ; |
| Dimensions | 24 cm. |
| 505 ## - FORMATTED CONTENTS NOTE | |
| Formatted contents note | Why Multirate Filters? (Page-1), The Resampling Process (Page-13), Digital Filters (Page-39), Useful Classes of Filters (Page-81), Systems That Use Resampling Filters (Page-107), Polyphase FIR Filters (Page-127), Resampling Filters(Page-153), Half-band Filters (Page-201), Polyphase Channelizers (Page-225), Recursive Polyphase Filters (Page-257), Cascade Integrator Comb Filters (Page-325), Cascade and Multiple Stage Filter Structures (Page-369), Communication Systems Applications (Page-395). |
| 650 #0 - SUBJECT ADDED ENTRY--TOPICAL TERM | |
| Topical term or geographic name entry element | Telecommunication engineering |
| 942 ## - ADDED ENTRY ELEMENTS (KOHA) | |
| Source of classification or shelving scheme | |
| Koha item type | Reference |
| Withdrawn status | Lost status | Source of classification or shelving scheme | Damaged status | Not for loan | Permanent Location | Current Location | Shelving location | Date acquired | Full call number | Barcode | Date last seen | Price effective from | Koha item type | Public note |
|---|---|---|---|---|---|---|---|---|---|---|---|---|---|---|
| Military College of Signals (MCS) | Military College of Signals (MCS) | Reference | 12/12/2016 | 621.3822,HAR | MCS30980 | 12/08/2016 | 12/12/2016 | Reference | Almirah No.22, Shelf No.4 |
